|
|
|
|
| LEADER |
00000cam a2200000 7i4500 |
| 001 |
0000004359 |
| 002 |
000004685 |
| 005 |
20000330.0 |
| 020 |
|
|
|a 0070065640
|
| 090 |
0 |
0 |
|a 658.88
|b BON
|
| 100 |
1 |
|
|a Bond, Cecil J
|
| 245 |
1 |
0 |
|a Credit management handbook :
|b A complete guide to credit and accounts receirable operations
|c Cecil J.Bond
|
| 260 |
|
|
|a New York :
|b McGraw-Hill,Inc. ,
|c 1993
|
| 300 |
|
|
|a 724p. ;
|c 24cm.
|
| 650 |
0 |
0 |
|a Accounts receivable
|x Handbooks, manuals, etc
|
| 650 |
0 |
0 |
|a Credit
|x Management
|x Handbooks,manuals,etc
|
| 999 |
|
|
|a 032975
|b BUKU
|c PINJAMAN
|e PERPUSTAKAAN KOMUNITI PETALING JAYA
|